LEADER 01124cam a2200265 i 4500 001 991001023309707536 008 050513s1998 nyua b 001 0 eng d 020 $a0471138282 035 $ab1330852x-39ule_inst 040 $aDip.to Ingegneria dell'Innovazione$beng 082 0 $a620.1054$221 100 1 $aMoon, F. C.,$d1939-$0622282 245 10$aApplied dynamics :$bwith applications to multibody and mechatronic systems /$cFrancis C. Moon 260 $aNew York :$bWiley e Sons,$cc1998. 300 $axi, 492 p. :$bill. ;$c25 cm 500 $a"A Wiley-Interscience publication." 504 $aIncludes bibliographical references and index 650 4$aDynamics 856 4 $3Table of Contents$uhttp://www.loc.gov/catdir/toc/onix03/97020250.html$zTable of contents 907 $a.b1330852x$b07-04-22$c13-05-05 912 $a991001023309707536 945 $aLE026 620.1054 MOO 01.01 1996$g1$i2026000018690$lle026$nProf. Giannoccaro / Biblioteca$op$pE101.15$q-$rl$s- $t4$u2$v0$w2$x0$y.i14067651$z13-05-05 996 $aApplied dynamics$91104378 997 $aUNISALENTO 998 $ale026$b13-05-05$cm$da $e-$feng$gnyu$h0$i0 LEADER 01194nam 2200373z- 450 001 9910693920803321 005 20161209104702.0 035 $a(CKB)5860000000017956 035 $a(BIP)012311109 035 $a(EXLCZ)995860000000017956 100 $a20220406c2005uuuu -u- - 101 0 $aeng 200 10$aAnimal rights $eactivism vs. criminality : hearing before the Committee on the Judiciary, United States Senate, One Hundred Eighth Congress, second session, May 18, 2004 215 $a1 online resource (iii, 152 p.) 311 $a0-16-074394-X 517 $aAnimal rights 606 $aAnimal rights movement$zUnited States 606 $aAnimal rights activists$zUnited States 606 $aAnimal experimentation$zUnited States 606 $aSabotage$zUnited States 610 $aAnimal rights 610 $aAnimal experimentation 610 $aSabotage 610 $aNature 610 $aScience 610 $aSocial science 615 0$aAnimal rights movement 615 0$aAnimal rights activists 615 0$aAnimal experimentation 615 0$aSabotage 906 $aBOOK 912 $a9910693920803321 996 $aAnimal rights$93101075 997 $aUNINA